000 00359 a2200169 4500
001 72674
020 _a8526249711
040 _cAnchieta - Colégio São Paulo
100 _aStefanovits, Ângelo A.
240 1 0 _aWerther
_lpor
245 1 0 _aWerther
300 _a87
362 0 _a2003
440 1 _aScipione
650 4 _aLiteratura juvenil
942 _cBK
999 _c72674
_d72674